| 000 | 00829cam a2200217 4500 | ||
|---|---|---|---|
| 001 | J1446 | ||
| 008 | 090401t1993 xxu||||| |||| 00| 0 eng d | ||
| 035 | _a(Sirsi) u43491 | ||
| 041 | _aeng | ||
| 050 | _a692.5 | ||
| 110 |
_aBuilding Cost Information Service _91096 |
||
| 245 | _aBCIS quarterly review of building prices. - No. 49 (March 1993) - No. 52 (December 1993) | ||
| 260 |
_aKingston upon Thames _bBuilding Cost Information Service _c1993 |
||
| 300 | _a4 pt. ; 30cm. | ||
| 350 | _a0 | ||
| 520 | _aThis item is part of a subscription service and cannot be photocopied, neither can any part of it be read out over the phone. Please contact BCIS direct on 0171-222-7000 for dertails. | ||
| 650 | _aBUILT ENVIRONMENT-BUILDING COSTS | ||
| 690 | _aBUILT ENVIRONMENT-BUILDING COSTS | ||
| 942 | _n0 | ||
| 948 | _c04/03/1997 | ||
| 999 |
_c91342 _d91342 |
||